Electric motor handbook / (Record no. 61118)

000 -LEADER
fixed length control field 00949pam a2200265 a 4500
001 - CONTROL NUMBER
control field 2895493
003 - CONTROL NUMBER IDENTIFIER
control field NUST-PNEC
005 - DATE AND TIME OF LATEST TRANSACTION
control field 20170116180715.0
008 - FIXED-LENGTH DATA ELEMENTS--GENERAL INFORMATION
fixed length control field 870710s1988 enkaf b 001 0 eng
010 ## - LIBRARY OF CONGRESS CONTROL NUMBER
LC control number 87020887
020 ## - INTERNATIONAL STANDARD BOOK NUMBER
International Standard Book Number 0408007079
040 ## - CATALOGING SOURCE
Transcribing agency PNEC
050 00 - LIBRARY OF CONGRESS CALL NUMBER
Classification number TK2511
Item number .E423 1988
082 00 - DEWEY DECIMAL CLASSIFICATION NUMBER
Classification number 621.462 CHA
Edition number 19
100 ## - MAIN ENTRY--PERSONAL NAME
9 (RLIN) 666
Personal name Chalmers, B.J.
245 00 - TITLE STATEMENT
Title Electric motor handbook /
Statement of responsibility, etc. edited by B.J. Chalmers.
260 ## - PUBLICATION, DISTRIBUTION, ETC.
Place of publication, distribution, etc. London ;
-- Boston :
Name of publisher, distributor, etc. Butterworths,
Date of publication, distribution, etc. 1988.
300 ## - PHYSICAL DESCRIPTION
Extent 546 p., :
Other physical details ill. (some col.) ;
Dimensions 24 cm.
500 ## - GENERAL NOTE
General note Includes Index http://www.amazon.com/Electric-Motor-Handbook-B-Chalmers/dp/0408007079/ref=sr_1_1?s=books&ie=UTF8&qid=1413455992&sr=1-1&keywords=0408007079
504 ## - BIBLIOGRAPHY, ETC. NOTE
Bibliography, etc. note Includes bibliographies and index.
650 #0 - SUBJECT ADDED ENTRY--TOPICAL TERM
Topical term or geographic name entry element Electric motors
General subdivision Handbooks, manuals, etc.
-- ME
700 1# - ADDED ENTRY--PERSONAL NAME
Personal name Chalmers, B. J.
Fuller form of name (Brian John)
906 ## - LOCAL DATA ELEMENT F, LDF (RLIN)
a 7
b cbc
c orignew
d 1
e ocip
f 19
g y-gencatlg
942 ## - ADDED ENTRY ELEMENTS (KOHA)
Source of classification or shelving scheme
Koha item type Book
Holdings
Withdrawn status Lost status Source of classification or shelving scheme Damaged status Not for loan Permanent Location Current Location Shelving location Date acquired Source of acquisition Cost, normal purchase price Total Checkouts Full call number Barcode Date last seen Cost, replacement price Price effective from Koha item type
          Pakistan Navy Engineering College (PNEC) Pakistan Navy Engineering College (PNEC) Reference 02/11/1990 Paramount Publishing Enterprises 2261.00   621.462 CHA PNECLIB-013266 10/16/2014 2261.00 02/11/1990 Book
          Pakistan Navy Engineering College (PNEC) Pakistan Navy Engineering College (PNEC)           621.462 CHA PNECLIB-013796 09/28/2015     Book
© 2023 Central Library, National University of Sciences and Technology. All Rights Reserved.